000 00597nam a22001817a 4500
005 20250926132145.0
008 250926b |||||||| |||| 00| 0 eng d
020 _a9780857111746
050 _aRS403
_b.F59
100 _aFlorence, Alexander T.
245 _aPhysicochemical Principles of Pharmacy/
_bin manufacture, formulation and clinical use
_cAlexander T. Florence & David Attwood
250 _a6th ed.
260 _aLondon
_bPharmaceutical Press
_c2016
300 _axi. 647p.
_bill. some color
_c24.5cm
500 _aincludes index
700 _aAttwood, David
942 _2lcc
_cBK
_e6th ed.
_n0
999 _c7761
_d7761